Normal view
MARC view
- Supervisor: Dr. Shahbaz Abbas
Entry Corporate Name
001 - CONTROL NUMBER
- control field: 101665
003 - CONTROL NUMBER IDENTIFIER
- control field: NUST
005 - DATE AND TIME OF LATEST TRANSACTION
- control field: 20221028150157.0
008 - FIXED-LENGTH DATA ELEMENTS
- fixed length control field: 221028|| aca||aabn | a|a d
040 ## - CATALOGING SOURCE
- Original cataloging agency: NUST
- Transcribing agency: NUST
110 ## - HEADING--CORPORATE NAME
- Corporate name or jurisdiction name as entry element: Supervisor: Dr. Shahbaz Abbas
670 ## - SOURCE DATA FOUND
- Source citation: Work cat.: (NUST): Abdur Rafay Butt 101664, TH-SOF-2067-Maintenance Management System of Electrical Distribution, Through GIS Based Application – A Case Study, 2022.
